Polskie miasta na C według podpowiedzi - Statystyki

Ogólne statystyki
  • Ten quiz został rozwiązany 174 razy
  • Średni wynik to 7 z 10
Statystyki odpowiedzi
Podpowiedź Miasto % Poprawnych
Leży tam klasztor jasnogórski. Częstochowa
96%
Leży tam Stadion Śląski, na którym swoje domowe mecze rozgrywa klub piłkarski Ruch. Chorzów
95%
W latach międzywojennych Polska miała spór z Czechosłowacją o to miasto. Cieszyn
87%
Kujawskie uzdrowisko, które stało się obiektem memów związanych ze starszymi osobami. Ciechocinek
82%
Wojska Mieszka I stoczyły tam bitwę w 972 r. z Łużyczanami pod wodzą Hodona. Cedynia
74%
Zyskało sławę dzięki memom o szpitalu psychiatrycznym. Choroszcz
61%
Przed 1999 r. miasto wojewódzkie, nie ma ono jednak obecnie praw powiatu. Ciechanów
58%
Miasto kredy i labiryntów. Chełm
48%
Leży kilka kilometrów od Parku Narodowego Bory Tucholskie. Chojnice
48%
Nadwiślańskie miasto i stolica krainy historycznej w kujawsko-pomorskim. Chełmno
42%
Nie znaleziono quizów pasujących do podanych kryteriów
Rozkład punktacji
Procent ludzi z każdym wynikiem
Percentyl według liczby udzielonych odpowiedzi
Twoja historia wyników
Nie rozwiązałeś tego quizu